| 000 | 01219cam a22002775a 4500 | ||
|---|---|---|---|
| 001 | 15336210 | ||
| 005 | 20180520113504.0 | ||
| 008 | 080619t2008 enka frb 001 0 eng d | ||
| 020 | _a9781848210387 | ||
| 040 |
_aDLC _cDLC _dBTCTA _dBAKER _dYDXCP _dBWKUK _dBWK _dBWX _dDLC _dEG-ScBUE _beng |
||
| 041 | 1 |
_aeng _hfre |
|
| 082 | 0 | 4 |
_222 _a671.52 _bMET |
| 240 | 1 | 0 |
_aMetallurgie et mecanique du soudage. _lEnglish |
| 245 | 0 | 0 |
_aMetallurgy and mechanics of welding : _bprocesses and industrial applications / _cedited by Régis Blondeau. |
| 260 |
_aLondon : _bISTE ; _aHoboken : _bJohn Wiley & Sons, _cc.2008. |
||
| 300 |
_axvi, 496 p. : _bill. ; _c25 cm. |
||
| 504 | _aIncludes bibliographical references and index. | ||
| 546 | _aText in English ; translated from French. | ||
| 650 | 7 |
_aWelding. _2BUEsh _912848 |
|
| 653 |
_bGGEN _bENGMEC _cMay2018 |
||
| 700 | 1 |
_aBlondeau, Regis. _eeditor. |
|
| 856 | 4 | 2 |
_3Publisher description _uhttp://www.loc.gov/catdir/enhancements/fy0834/2008027554-d.html |
| 856 | 4 | 2 |
_3Contributor biographical information _uhttp://www.loc.gov/catdir/enhancements/fy0904/2008027554-b.html |
| 856 | 4 | 1 |
_3Table of contents only _uhttp://www.loc.gov/catdir/enhancements/fy0904/2008027554-t.html |
| 942 | _2ddc | ||
| 999 |
_c26752 _d26724 |
||